| 000 | 00474nam a22001337a 4500 | ||
|---|---|---|---|
| 082 | _aMSCCS-4 AHM | ||
| 100 |
_aNaveed Ahmed _915102 |
||
| 245 | _aSecure virtual host migration within SDN based data center | ||
| 260 |
_aIslamabad _bNUST-SEECS _c2015 |
||
| 300 |
_a56p. _bill.; _eCD ROM |
||
| 500 | _aSupervisors: Dr. Nadeem Ahmad, Dr. Abdul Ghafoor, Dr. Syed Ali Haider, Dr. Asad Waqar Malik | ||
| 856 | _uhttp://10.250.8.41:8080/xmlui/handle/123456789/8227 | ||
| 942 |
_cPR _2ddc |
||
| 999 |
_c13420 _d13420 |
||